000
00356nam a2200133Ia 4500
008
230718s9999 xx 000 0 und d
082
_a
591
_b
طار-ک
100
_a
طارق محمد سعید شاخ
245
0
_a
کائنات
260
_a
Pakistan
_b
سنگ میل پولی کمتر را ہوگا
_c
1999
300
_a
132
650
_a
Law
999
_c
26288
_d
26288